000 00899nas a2200277 4500
001 BR8801123
003 BR-BrBNA
005 20231205091044.0
007 ta
008 230509b bl.|||p| |||| 00| 00por d
040 _aBR-BrBNA
_bpor
_cBiblioteca Nacional de Agricultura
041 _a(Pt)
072 _aL72; L73
100 1 _aBoretti, L.P.
100 1 _aLima, J.D.
100 1 _aLeite, R.C.
100 1 _aModena, C.M.
245 1 _aDiagnostico sanitario em suinos na micro-regiao homogenea Mata de Ponte Nova, Minas Gerais
246 1 _aSanitary diagnosis in swine raised in Minas Gerais state, Brazil
650 _aSUÍNO
650 _aCOCCIDIOSE
650 _aHELMINTO
773 0 _tArquivo Brasileiro de Medicina Veterinaria e Zootecnia (Brazil)
_xISSN 0102-0935
_g(Apr 1987), v. 39(2) p. 213-222
_wBR8801123
909 _a202311
_bLúcia
_c55
_dLúcia Elande
942 _2AGRIS
_n0
_cANA
999 _c122456
_d122456